000 00351nam a22001457a 4500
008 210531b ||||| |||| 00| 0 eng d
020 _a0534068286
041 _aeng
080 _22nd
_a311
082 _a311
100 _a55
101 _aSTA
245 _aProbability and Statistics for Engineering the Sciences
_cJay L. Devore
942 _2udc
_cBK
999 _c57870
_d57870